01000cam a2200313 a 45000010008000000030004000080050017000120080041000290100017000700200015000870200018001020350012001200400018001320500023001500820020001732450058001932500012002512600090002633000057003533360026004103370028004363380027004645000063004915040051005546500014006056500023006197000022006427000022006643487154OSt20251112120249.0940622s1995 nyua b 001 0 eng  a 94022376  a0716723808 a9780716723806 a3487154 aDLCcDLCdDLC00aQH581.2b.D37 199500a574.87/604222000aMolecular cell biology /cHarvey Lodish ... [et al.]. a3rd ed. aNew York :bScientific American Books :bDistributed by W.H. Freeman and Co.,cc1995. a1 v. (various pagings) :bill. (some col.) ;c29 cm. atextbtxt2rdacontent aunmediatedbn2rdamedia avolumebnc2rdacarrier aSecond edition's main entry under the heading for Darnell. aIncludes bibliographical references and index. 0aCytology. 0aMolecular biology.1 aLodish, Harvey F.1 aDarnell, James E.